Statistics for What states voted for Joe Biden in the 2020 election?

Click here to take the quiz!

General Stats

  • This quiz has been taken 88 times
  • The average score is 22 of 25

Answers on the Map

Answers color-coded by a green-red scale on the quiz's map according to % correct below.
 

Answer Stats

State% Correct
New York
99%
California
97%
Arizona
93%
Illinois
93%
Oregon
93%
Pennsylvania
93%
Maine
91%
Michigan
91%
Nevada
91%
New Jersey
91%
Vermont
91%
Washington
91%
Connecticut
89%
Georgia
89%
Hawaii
89%
Maryland
89%
Rhode Island
89%
Wisconsin
87%
Colorado
86%
Delaware
86%
Massachusetts
86%
Minnesota
86%
New Hampshire
86%
Virginia
86%
New Mexico
84%

Score Distribution

Percentile by Number Answered

Percent of People with Each Score

Your Score History

You have not taken this quiz